Switzerland Groups of Things - Geography & Geology - Statistics

General Stats
  • This quiz has been taken 28 times
  • The average score is 59 of 88
Answer Stats
hint Answer % Correct
Canton Capitals Geneva
100%
10 largest cities Geneva
100%
Cantons of Switzerland Genève
100%
Cantons of Switzerland Zürich
100%
Canton Capitals Zürich
100%
10 largest cities Zurich
100%
Cantons of Switzerland Bern/Berne
95%
Canton Capitals Bern/Berne
95%
10 largest cities Bern/Berne
95%
Biggest Lakes Lake Geneva
95%
National Neighbours Austria
89%
Canton Capitals Basel
89%
10 largest cities Basel
89%
National Neighbours France
89%
Official Languages German
89%
National Neighbours Germany
89%
National Neighbours Italy
89%
National Neighbours Liechtenstein
89%
Canton Capitals Lucerne
89%
Cantons of Switzerland Luzern
89%
10 largest cities Luzern
89%
Cantons of Switzerland St. Gallen
89%
Canton Capitals St. Gallen
89%
10 largest cities St. Gallen
89%
Official Languages French
84%
Official Languages Italian
84%
Cantons of Switzerland Jura
84%
Cantons of Switzerland Neuchâtel
84%
Canton Capitals Neuchâtel
84%
Official Languages Romansh
84%
Cantons of Switzerland Ticino
84%
10 largest cities Biel/Bienne
79%
Cantons of Switzerland Zug
79%
Canton Capitals Zug
79%
Cantons of Switzerland Aargau
74%
Canton Capitals Appenzell
74%
Cantons of Switzerland Appenzell-Ausserrhoden
74%
Cantons of Switzerland Appenzell-Innerrhoden
74%
Cantons of Switzerland Basel-Landschaft
74%
Cantons of Switzerland Basel-Stadt
74%
Biggest Lakes Lake Constance
74%
Canton Capitals Lausanne
74%
10 largest cities Lausanne
74%
Cantons of Switzerland Nidwalden
74%
Cantons of Switzerland Obwalden
74%
Cantons of Switzerland Schaffhausen
74%
Canton Capitals Schaffhausen
74%
Cantons of Switzerland Thurgau
74%
Cantons of Switzerland Uri
74%
Cantons of Switzerland Vaud
74%
Cantons of Switzerland Wallis/Valais
74%
Cantons of Switzerland Glarus
68%
Canton Capitals Glarus
68%
10 largest cities Lugano
68%
Cantons of Switzerland Schwyz
68%
Canton Capitals Schwyz
68%
Cantons of Switzerland Solothurn/Soleure
68%
Canton Capitals Solothurn/Soleure
68%
10 largest cities Winterthur
68%
Cantons of Switzerland Fribourg
63%
Canton Capitals Fribourg
63%
Cantons of Switzerland Graubünden/Grischun/Grigioni
63%
Biggest Lakes Lake Lucerne
63%
Biggest Lakes Lake Zurich
63%
Canton Capitals Aarau
58%
Canton Capitals Bellinzona
53%
Canton Capitals Chur
53%
Canton Capitals Frauenfeld
53%
Biggest Lakes Lake Neuchâtel
53%
Canton Capitals Delémont
47%
Canton Capitals Sion
47%
Canton Capitals Altdorf
42%
5 tallest peaks Dufourspitze
42%
Canton Capitals Liestal
42%
5 tallest peaks Dom
37%
Canton Capitals Herisau
37%
Biggest Lakes Lago Maggiore
37%
Canton Capitals Stans
37%
Canton Capitals Sarnen
32%
Geologic areas Jura Mountains
11%
5 tallest peaks Zumsteinspitze
11%
Geologic areas Austroalpine
5%
Geologic areas Helvetic
5%
Geologic areas Molasse Basin
5%
5 tallest peaks Nordend
5%
Geologic areas Penninic
5%
5 tallest peaks Signalkuppe
5%
Biggest Lakes Untersee
5%
No matching quizzes found
Score Distribution
Percent of People with Each Score
Percentile by Number Answered
Your Score History
You have not taken this quiz